000 00604nam a2200205 i 4500
001 43172
003 ES-MaACL
005 20240421063015.0
007 t|
008 030317s1946 sp ||||1| spa d
100 1 _aCelaya, Gabriel,
_d1911-1991
_937346
245 1 0 _aTentativas /
_cGabriel Celaya.
260 _aMadrid :
_bAdán,
_c[1946] (
_fVda. de Galo Sèz)
300 _a468 p. ;
_c20 cm.
490 1 _aLa Creación literaria
830 0 _aLa Creación literaria
_9179894
852 _aES-MaACL
_jC-4096
_bR.23690
852 _aES-MaACL
_jC-4513
_bR.24341
999 _c43172
_d43172